| 000 | 00640nam a22001937a 4500 | ||
|---|---|---|---|
| 001 | 114611 | ||
| 003 | DR-UNIBE | ||
| 005 | 20260505120230.0 | ||
| 008 | 260429b2003 cr ||||| |||| 00| 0 spa d | ||
| 040 |
_aBIBLIOTECA UNIBE _bspa _cBIBLIOTECA UNIBE |
||
| 041 | _aspa | ||
| 082 | _aF 5832 | ||
| 245 | 0 | 0 |
_aMemoria de la reforma judicial de Costa Rica : _b1996-2002 : resumen ejecutivo |
| 260 |
_aSan José : _bEditorama, _c2003 |
||
| 300 | _a21 páginas | ||
| 650 | 7 |
_2lemb _aAdministración de justicia _xLegistación _zCosta Rica _9204506 |
|
| 650 | 7 |
_aAdministración de justicia _xMemorias e informes _zCosta Rica _9204507 |
|
| 942 |
_2ddc _cMX |
||
| 999 |
_c114611 _d114611 |
||